| 000 | 00430nam a2200181Ia 4500 | ||
|---|---|---|---|
| 005 | 20250603144809.0 | ||
| 008 | 250603s9999 xx 000 0 und d | ||
| 020 | _a9788779897397 | ||
| 050 | _aBP 605.S2 .H83/ | ||
| 100 | _aHubbard, Ron L. | ||
| 245 | 0 | _aDianetics: the original thesis | |
| 260 | _aCalifornia | ||
| 260 | _bBridge Publications | ||
| 260 | _c2007 | ||
| 300 | _a293 p | ||
| 650 | _aCalifornia | ||
| 942 | _cBK | ||
| 999 |
_c39978 _d39978 |
||